000 01205 a2200217 4500
003 Nust
005 20170207154206.0
010 _a 78018922
020 _a0471034967
040 _cNust
082 0 0 _a621.3819
100 1 _aHwang, Kai.
245 1 0 _aComputer arithmetic :
_bprinciples, architecture, and design /
_cKai Hwang.
260 _aNew York :
_bWiley,
_cc1979.
300 _axiii, 423 p. :
_bill. ;
_c24 cm.
505 _aComputer Arithmetic and Number System (Page-1) Integrated Circuits and Devices (Page-31) Fast Two-Operand Adders/Sub tractors (Page-69) Multioperand Adders, Signed – Signed-Digit Arithmetic and ALU(Page-97) Standard and Recoded Multipliers (Page-129) Iterative Cellular Array Multipliers (Page-161) Standard and High-Radix Dividers (Page-213) Convergence Division and Cellular Array Dividers (Page-251) Normalized Floating –Point Arithmetic Processors (Page-285) Advanced Topics on Floating -Point Arithmetic (Page-321)Elementary Factions, Pipelined Arithmetic, and Error Control (Page-359)
538 _aAlmirah No. 130 and Shelf No.4
650 0 _aComputer arithmetic and logic units.
650 0 _aComputer arithmetic.
650 0 _aElectronic digital computers.
942 _2ddc
_cBK
999 _c194861
_d194861